Loading...

Research Methods

Bibliographic Details
Main Author: Roger L.Dominowski
Format: Printed Book
Published: Prentice-Hall INC., New Jersey 1980
LEADER 00330nam a2200109 4500
082
100 |a Roger L.Dominowski 
245 |a Research Methods   |c Roger L.Dominowski 
260 |a Prentice-Hall INC., New Jersey  |c 1980 
942 |c BK 
999 |c 195269  |d 195269 
952 |0 0  |1 0  |4 0  |7 0  |9 208618  |a DCI  |b DCI  |d 2019-10-29  |l 0  |p DCI1668  |r 2019-10-29  |w 2019-10-29  |y BK